La buena fe contractual

Bibliographic Details
Main Author: Boetsch Gillet, Cristiǹ
Format: eBook
Language:Spanish
Published: Santiago de chile : Editorial Jurd̕ica de Chile, 2011
Subjects:
Online Access:Acceso restrigido

MARC

LEADER 00000nam a22000007a 4500
005 20120619183222.0
007 cr|||| ||||
008 120619s2011 cl |||||s|||| 00||0 spa d
020 |a 956-10-2137-2 
035 |a 6169 
040 |a vLex 
090 |c 3205  |d 3205 
100 1 |a Boetsch Gillet, Cristiǹ 
245 1 3 |a La buena fe contractual  |h [Recurso electrn̤ico] /  |c Cristiǹ Boetsch Gillet  
256 |a Servicio en ln̕ea 
260 |a Santiago de chile :  |b Editorial Jurd̕ica de Chile,  |c 2011 
300 |a 1 recurso electrn̤ico 
506 1 |a Contenido solo disponible en los productos indicados   |d vLex Global   |d vLex Global (Academic Edition, excluding Law Schools)   |d vLex Global (U.S. Academic Edition, Law Schools)   |d vLex Global (U.S. Academic Edition, excluding Law Schools)   |d vLex Global (Academic Edition, Law Schools)  
650 0 4 |a Buena fe (derecho)  |z Chile 
740 0 |a vLex Libros (Servicio en ln̕ea) 
856 4 0 |u http://vlex.com/source/6169  |z Acceso restrigido 
942 |c BOOK 
999 0 |a Good faith (Law)